Hello, My Name Is...'A' Quiz Stats

 Plays Quiz Updated Aug 14, 2018

Challenge
Share
Tweet
Score 0/25 Timer 04:00
1 Play Today
% Correct
Adam Sandler
92.7%
Arnold Schwarzenegger
92.5%
Ashton Kutcher
90.4%
Alec Baldwin
86.7%
Amy Winehouse
85.8%
Angelina Jolie
85.3%
Audrey Hepburn
80.2%
Alex Trebek
79.1%
Alice Cooper
73.8%
Anthony Hopkins
72.8%
Anderson Cooper
69%
Annie Lennox
64.8%
Axl Rose
63.5%
% Correct
Aretha Franklin
60.7%
America Ferrera
59.5%
Avril Lavigne
55.4%
Andy Rooney
55.4%
Art Garfunkel
50.9%
Antonio Banderas
49.3%
Alicia Keys
45.4%
Alanis Morissette
44.6%
Abe Vigoda
37.5%
Abigail Van Buren
37.2%
Alyssa Milano
31.8%
Agnes Moorehead
23.5%

You're not logged in!

Compare scores with friends on all Sporcle quizzes.
OR
Log In

You Might Also Like...

Show Comments

Extras

Top Quizzes Today


Score Distribution

Your Account Isn't Verified!

In order to create a playlist on Sporcle, you need to verify the email address you used during registration. Go to your Sporcle Settings to finish the process.

Report this User

Report this user for behavior that violates our Community Guidelines.

Details: